000 00954nam0a22002531 4500
001 rc\2636751
005 20260407070257.0
035 _a(NLR Aleph) 006945012
090 _a5190154
_c5190154
100 _a20110601d1930 |||y0rusy50 ca
101 0 _arus
102 _aRU
105 _ay z |||||
200 1 _aЧто такое марксизм и ленинизм
_fВ. Адоратский
210 _aМосква
_aЛенинград
_cГос. изд-во
_d1930
_eМосква
_gтип. изд-ва "Дер эмес"
215 _a32, [2] с.
_d17х11 см
225 1 _aЧему учил и как боролся Ленин
320 _aБиблиогр.: "Литература" (3 назв.)
700 1 _7ca
_8rus
_aАдоратский
_bВ. В.
_f1878-1945
_gВладимир Викторович
_9133249
_3RU\NLR\AUTH\770133283
801 0 _aRU
_bNLR
_gpsbo
801 1 _aRU
_bELAR
_2rusmarc
852 _aNLR
_j30.8/3967
942 _cBOOK
980 _aNB